Central Library and Information Centre
Sibsagar Girls' College, Sivasagar : Assam

BUSINESS STANDARD YEAR -END SURVEY 74 (Record no. 4148)

MARC details
000 -LEADER
fixed length control field 00330cam a2200145ua 4500
008 - FIXED-LENGTH DATA ELEMENTS--GENERAL INFORMATION
fixed length control field 120130n II |||gr||||Z||||||eng
040 ## - CATALOGING SOURCE
Original cataloging agency MAIN
041 ## - LANGUAGE CODE
-- English
082 ## - DEWEY DECIMAL CLASSIFICATION NUMBER
Classification number 658 SAR
100 ## - MAIN ENTRY--PERSONAL NAME
Personal name SARKAR , AVEEK.
245 ## - TITLE STATEMENT
Title BUSINESS STANDARD YEAR -END SURVEY 74
942 ## - ADDED ENTRY ELEMENTS (KOHA)
Koha item type Books
653 ## - INDEX TERM--UNCONTROLLED
Uncontrolled term General management
Holdings
Withdrawn status Lost status Damaged status Not for loan Collection code Home library Current library Shelving location Date acquired Full call number Barcode Date last seen Copy number Price effective from Koha item type
        REFHMSC Central Library and Information Centre Sibsagar Girls College Central Library and Information Centre Sibsagar Girls College Sports Journalism Library sc 21.04.1972 658 SAR 03933 27.02.2020 1 27.02.2020 Books


Sibsagar Girl's College © 2020. All rights reserved.
Powered by Koha.
Maintained by Abhijit Borpuzari.